<?xml version="1.0" encoding="UTF-8"?>
<record
    xmlns:xsi="http://www.w3.org/2001/XMLSchema-instance"
    xsi:schemaLocation="http://www.loc.gov/MARC21/slim http://www.loc.gov/standards/marcxml/schema/MARC21slim.xsd"
    xmlns="http://www.loc.gov/MARC21/slim">

  <leader>00769nam a2200205Ia 4500</leader>
  <controlfield tag="001">50247</controlfield>
  <controlfield tag="003">OSt</controlfield>
  <controlfield tag="005">20150622123756.0</controlfield>
  <controlfield tag="008">140502s9999    xx            000 0 und d</controlfield>
  <datafield tag="020" ind1=" " ind2=" ">
    <subfield code="a">969351968X</subfield>
  </datafield>
  <datafield tag="040" ind1=" " ind2=" ">
    <subfield code="c">PK-LaUMT</subfield>
  </datafield>
  <datafield tag="082" ind1=" " ind2=" ">
    <subfield code="a"> 954.0317</subfield>
    <subfield code="b">IKR-E</subfield>
  </datafield>
  <datafield tag="100" ind1=" " ind2=" ">
    <subfield code="a">Ikram Chughatai, M.(&#x627;&#x6A9;&#x631;&#x627;&#x645; &#x686;&#x63A;&#x62A;&#x627;&#x626;&#x6CC;&#x60C; &#x627;&#x6CC;&#x645;)</subfield>
  </datafield>
  <datafield tag="245" ind1=" " ind2=" ">
    <subfield code="a">1857 roznamchay, muaasir tehrerain, yaddashtain (Urdu)(1857 &#x631;&#x648;&#x632;&#x646;&#x627;&#x645;&#x686;&#x6C1;&#x60C; &#x645;&#x639;&#x627;&#x635;&#x6CC;&#x631; &#x62A;&#x62D;&#x631;&#x6CC;&#x631;&#x6CC;&#x6BA;&#x60C; &#x6CC;&#x627;&#x62F;&#x62F;&#x627;&#x634;&#x62A;&#x6CC;&#x6BA; )</subfield>
    <subfield code="c">Ikram Chughatai, M.(&#x627;&#x6A9;&#x631;&#x627;&#x645; &#x686;&#x63A;&#x62A;&#x627;&#x626;&#x6CC;&#x60C; &#x627;&#x6CC;&#x645; )</subfield>
  </datafield>
  <datafield tag="260" ind1=" " ind2=" ">
    <subfield code="a">Lahore,Pakistan:(&#x644;&#x627;&#x6C1;&#x648;&#x631;&#x60C; &#x67E;&#x627;&#x6A9;&#x633;&#x62A;&#x627;&#x646; )</subfield>
    <subfield code="b">Sang-e-Meel Publications,(&#x633;&#x646;&#x6AF; &#x645;&#x6CC;&#x644; &#x67E;&#x628;&#x644;&#x6CC;&#x6A9;&#x6CC;&#x634;&#x646;&#x632;)</subfield>
    <subfield code="c">2007</subfield>
  </datafield>
  <datafield tag="300" ind1=" " ind2=" ">
    <subfield code="a">928 p.</subfield>
  </datafield>
  <datafield tag="546" ind1=" " ind2=" ">
    <subfield code="a">UR</subfield>
  </datafield>
  <datafield tag="650" ind1=" " ind2=" ">
    <subfield code="a">Hisotry-Indian mutiny (1857)</subfield>
  </datafield>
  <datafield tag="942" ind1=" " ind2=" ">
    <subfield code="c">BK</subfield>
    <subfield code="2">ddc</subfield>
  </datafield>
  <datafield tag="999" ind1=" " ind2=" ">
    <subfield code="c">47909</subfield>
    <subfield code="d">47909</subfield>
  </datafield>
  <datafield tag="952" ind1=" " ind2=" ">
    <subfield code="0">0</subfield>
    <subfield code="1">0</subfield>
    <subfield code="4">0</subfield>
    <subfield code="7">0</subfield>
    <subfield code="a">01</subfield>
    <subfield code="b">01</subfield>
    <subfield code="d">2014-05-02</subfield>
    <subfield code="l">2</subfield>
    <subfield code="o"> 954.0317 IKR-E</subfield>
    <subfield code="p">60291</subfield>
    <subfield code="r">2021-09-02 00:00:00</subfield>
    <subfield code="s">2021-09-02</subfield>
    <subfield code="w">2014-05-08</subfield>
    <subfield code="y">BK</subfield>
  </datafield>
</record>
